| 000 | 00877nas a2200277 4500 | ||
|---|---|---|---|
| 001 | BR8502184 | ||
| 003 | BR-BrBNA | ||
| 005 | 20231205090200.0 | ||
| 007 | ta | ||
| 008 | 230509b bl.|||p| |||| 00| 00por d | ||
| 040 |
_aBR-BrBNA _bpor _cBiblioteca Nacional de Agricultura |
||
| 041 | _a(Pt) | ||
| 072 | _aF04; P35; P34 | ||
| 100 | 1 | _aColozza, M.T. | |
| 100 | 1 | _aWerner, J.C. | |
| 245 | 1 | _aAplicacao de nutrientes em tres leguminosas forrageiras cultivadas num solo da regiao do Vale do Ribeira [centrosema, soja perene, dolico, Brasil] | |
| 650 | _aCENTROSEMA | ||
| 650 | _aSOJA PERENE | ||
| 650 | _aLABE-LABE | ||
| 650 | _aFIXACAO DE NITROGENIO | ||
| 650 | _aNUTRIENTE | ||
| 650 | _aCALAGEM | ||
| 773 | 0 |
_tZootecnia (Brazil) _xISSN 0044-5320 _g(Oct-Dec 1984), v. 22(4) p. 327-353 _wBR8502184 |
|
| 909 |
_a202311 _bLúcia _c55 _dLúcia Elande |
||
| 942 |
_2AGRIS _n0 _cANA |
||
| 999 |
_c116616 _d116616 |
||